Міста Львівської області - Statistics

General Stats
  • This quiz has been taken 49 times
  • The average score is 29 of 44
Answer Stats
Group Population(2022) Answer % Correct
Львівська область 717 273 Львів
100%
Львівська область 73 682 Дрогобич
100%
Львівська область 64 297 Шептицький
100%
Львівська область 34 152 Самбір
100%
Львівська область 23 912 Золочів
100%
Львівська область 59 425 Стрий
83%
Львівська область 32 473 Борислав
83%
Львівська область 31 366 Новояворівськ
83%
Львівська область 28 287 Трускавець
83%
Львівська область 27 841 Новий Розділ
83%
Львівська область 20 373 Сокаль
83%
Львівська область 6 054 Сколе
83%
Львівська область 4 243 Новий Калинів
83%
Львівська область 939 Угнів
83%
Львівська область 23 134 Броди
67%
Львівська область 19 037 Винники
67%
Львівська область 14 498 Миколаїв
67%
Львівська область 10 397 Кам'янка-Бузька
67%
Львівська область 9 680 Радехів
67%
Львівська область 9 372 Пустомити
67%
Львівська область 6 925 Турка
67%
Львівська область 6 440 Старий Самбір
67%
Львівська область 5 230 Рудки
67%
Львівська область 4 104 Хирів
67%
Львівська область 3 761 Бібрка
67%
Львівська область 2 191 Белз
67%
Львівська область 20 200 Стебник
50%
Львівська область 16 085 Городок
50%
Львівська область 13 852 Жовква
50%
Львівська область 12 785 Яворів
50%
Львівська область 10 712 Соснівка
50%
Львівська область 10 353 Жидачів
50%
Львівська область 9 103 Мостиська
50%
Львівська область 8 662 Буськ
50%
Львівська область 8 494 Рава-Руська
50%
Львівська область 6 415 Перемишляни
50%
Львівська область 6 286 Великі Мости
50%
Львівська область 5 562 Моршин
50%
Львівська область 4 111 Добромиль
50%
Львівська область 9 748 Дубляни
33%
Львівська область 8 954 Ходорів
33%
Львівська область 6 470 Судова Вишня
33%
Львівська область 2 954 Глиняни
33%
Львівська область 3 653 Комарно
17%
No matching quizzes found
Score Distribution
Percent of People with Each Score
Percentile by Number Answered
Your Score History
You have not taken this quiz